000 00618nam a2200217Ia 4500
003 GCL
008 140319s9999 xx 000 0 ara d
040 _aGCL /
_cGCL
082 0 4 _a816.008
_bم ر
100 1 _aمحمد لبيب البتنونى
245 1 0 _aرحلة الاندلس /
_cمحمد لبيب البتنونى
260 _a[S.N] :
_bمطبعة الكشكول ،
_c1927
300 _a167 ص
490 _a
650 0 4 _aالادب العربى
650 0 4 _aالاندلس
650 0 4 _aالادب
650 0 4 _aالرسائل الادبية
650 0 4 _aالمجموعات
942 _2ddc
_cBK
999 _c59037
_d59037